Phương pháp dạy trẻ mẫu giáo định hướng thời gian

Gorde:
Xehetasun bibliografikoak
Egile nagusia: Đỗ, Thị Minh Liên
Formatua: Liburua
Hizkuntza:Undetermined
Argitaratua: H. ĐH Sư phạm 2006
Gaiak:
Sarrera elektronikoa:http://lrc.tdmu.edu.vn/opac/search/detail.asp?aID=2&ID=4324
Etiketak: Etiketa erantsi
Etiketarik gabe, Izan zaitez lehena erregistro honi etiketa jartzen!
Thư viện lưu trữ: Trung tâm Học liệu Trường Đại học Thủ Dầu Một
LEADER 00629nam a2200193Ia 4500
001 TDMU_4324
008 210410s9999 xx 000 0 und d
082 |a 372.21 
090 |b Đ450 
100 |a Đỗ, Thị Minh Liên 
245 0 |a Phương pháp dạy trẻ mẫu giáo định hướng thời gian 
245 0 |c Đỗ Thị Minh Liên 
260 |a H. 
260 |b ĐH Sư phạm 
260 |c 2006 
300 |a 115tr. 
650 |a Giáo dục mầm non 
856 |u http://lrc.tdmu.edu.vn/opac/search/detail.asp?aID=2&ID=4324 
980 |a Trung tâm Học liệu Trường Đại học Thủ Dầu Một